Diputación Provincial de Barcelona
Descripción Física:
8 v. ; 16 cm
MARC
| LEADER | 00000nam a2200000Ia 4500 | ||
|---|---|---|---|
| 001 | 982, 9991, 9992, 9993, 9994, 9995, 9996, 9997 | ||
| 008 | 160829s1893 - 1925 xx 000 0 cat d | ||
| 080 | |a RF-1-8, RF-1-9, M-3-391, M-3-390, M-3-335, M-3-336, M-3-379, RF-1-10 | ||
| 110 | 1 | |a Barcelona (Catalunya : Província). |b Diputació |9 52408 | |
| 245 | |a Diputación Provincial de Barcelona | ||
| 260 | |a Barcelona : |b (Imp. Casa Caritat), |c 1893 - 1925 | ||
| 300 | |a 8 v. ; |c 16 cm | ||
| 590 | |a Relació dels senyors diputats i personal. De l'any 1915 al 1919, està escrit en català | ||
| 610 | 1 | 0 | |a Barcelona (Catalunya : Província). |b Diputació |x Funcionaris i empleats |y 1893-1925 |9 56152 |
| 650 | |a Barcelona. Diputació |x Diputats |x 1893/1925 |9 34631 | ||
| 856 | 4 | |u https://media.diba.cat/diba/fitxers/arxiu/fulletons/bib_9997_1925_baixa.pdf |y Any 1925 | |
| 856 | 4 | |u https://media.diba.cat/diba/fitxers/arxiu/fulletons/bib_9991_1897_baixa.pdf |y Any 1897 | |
| 856 | 4 | |u https://media.diba.cat/diba/fitxers/arxiu/fulletons/bib_982_1893_baixa.pdf |y Any 1893 | |
| 856 | 4 | |u https://media.diba.cat/diba/fitxers/arxiu/fulletons/bib_9997_1925_baixa.pdf |y Any 1925 | |
| 856 | 4 | |u https://media.diba.cat/diba/fitxers/arxiu/fulletons/bib_9991_1897_baixa.pdf |y Any 1897 | |
| 856 | 4 | |u https://media.diba.cat/diba/fitxers/arxiu/fulletons/bib_982_1893_baixa.pdf |y Any 1893 | |
| 866 | |a 1893, 1897, 1911, 1913, 1915, 1917, 1919, 1925 | ||
| 901 | |a Arxiu | ||
| 942 | |n 1 |2 udc | ||
| 952 | |0 0 |1 0 |4 0 |6 RF18_RF19_M3391_M3390_M3335_M3336_M3379_RF110 |7 1 |9 46593 |a Arxiu |b Arxiu |d 2016-12-01 |l 0 |o RF-1-8, RF-1-9, M-3-391, M-3-390, M-3-335, M-3-336, M-3-379, RF-1-10 |p 982, 9991, 9992, 999 |r 2016-12-01 00:00:00 |w 2016-12-01 |y ARXIU | ||
| 999 | |c 50386 |d 50386 | ||
| 900 | |a bib_982_1893_baixa.pdf | ||
| 900 | |a bib_9991_1897_baixa.pdf | ||
| 900 | |a bib_9997_1925_baixa.pdf | ||